If I Could Fly - One Direction (All Lyrics) - Statistics

General Stats
  • This quiz has been taken 1,102 times
  • The average score is 245 of 277
Answer Stats
Answer % Correct
could
100%
fly
100%
I
100%
If
100%
to
99%
you
99%
a
98%
be
97%
me
97%
back
96%
home
96%
right
96%
Right
96%
my
94%
your
94%
eyes
93%
For
93%
heart
93%
when
93%
When
93%
who
93%
And
92%
and
92%
coming
92%
I’m
92%
might
92%
only
92%
think
92%
are
91%
I’d
91%
now
91%
Now
91%
of
91%
you’re
91%
lonely
90%
where
90%
apart
89%
forget
89%
I’ll
89%
know
89%
Know
89%
show
89%
we’re
89%
ask
88%
everything,
88%
half
88%
just
88%
Give
87%
missing
87%
that
87%
‘Cause
85%
hope
85%
up
85%
down
84%
listen
83%
defenseless
81%
guard
81%
let
81%
completely
80%
attention,
79%
Pay
79%
can
78%
feel
77%
I’ve
75%
it,
74%
it
74%
don’t
70%
got
69%
scars
67%
mine
66%
inside
65%
thing
65%
can’t
64%
Even
64%
seen
63%
always
62%
they
62%
run
61%
though
61%
time
60%
from
59%
hard
59%
mind
59%
been
57%
out
57%
wastin’
56%
here
55%
goin’
54%
But
52%
gets
52%
pain
47%
defenseless
33%
No matching quizzes found
Score Distribution
Percent of People with Each Score
Percentile by Number Answered
Your Score History
You have not taken this quiz